Sociální funkce vědy / Josef Šmajs

Hlavní autor: Šmajs, Josef, 1938-
Jazyk: Čeština
Vydáno: Brno : Univerzita J.E. Purkyně, 1988
Vydání: 1. vyd.
Edice: Spisy Univerzity J.E. Purkyně v Brně. Filozofická fakulta ; č. 273
Témata:
Externí odkaz: Digitalizovaný dokument
Fyzický popis: 136 s.
Language note: Německé a ruské resumé
Knihy
Uloženo v:
LEADER 01387nam a22003612a 4500
001 000106749
003 CZ BrMZK
005 20160414205938.0
007 ta
008 950101s1988 xr f cze d
015 |a cnb000038947 
040 |a BOA001  |b cze 
041 0 |a cze  |b ger  |b rus 
080 9 |a 501 
080 9 |a 316.6 
100 1 |a Šmajs, Josef,  |d 1938-  |7 jn19990209866  |4 aut 
245 1 0 |a Sociální funkce vědy /  |p Josef Šmajs 
250 |a 1. vyd. 
260 |a Brno :  |b Univerzita J.E. Purkyně,  |c 1988 
300 |a 136 s. 
490 1 |a Spisy Univerzity J.E. Purkyně v Brně. Filozofická fakulta ;  |v č. 273 
504 |a Obsahuje bibliografii 
546 |a Německé a ruské resumé 
810 2 |a Univerzita J.E. Purkyně v Brně.  |b Filozofická fakulta.  |t Spisy  |0 s 
856 4 1 |u http://www.digitalniknihovna.cz/mzk/uuid/uuid:cc8f9630-5688-11e3-ae59-005056827e52  |y Digitalizovaný dokument  |x NDK 
910 |a BOA001  |b 2-0927.789  |b PK-0106.719 
920 |a 000027149 
964 |a Věda - vývoj - studie sociální 
990 |a BK 
991 |b 200611 
996 7 |b 2619916224  |c 2-0927.789  |l MZK  |r Sklad / do 1 hodiny  |n 15  |w 000106749  |u 000020  |a 1  |e BOA001  |j MZK50  |s A 
996 6 |b 2619998855  |c 2-0927.789  |l MZK  |r Sklad / do 1 hodiny  |n 1  |w 000106749  |u 000010  |a 1  |e BOA001  |j MZK50  |s P 
996 7 |b 3119992115  |c PK-0106.719  |l MZK  |r Sklad / do 1 hodiny  |n 5  |w 000106749  |u 000030  |a 1  |e BOA001  |j MZK50  |s A